Catálogo
 En Linea

Los Estados Unidos de América. / (Registro nro. 36689)

Detalles MARC
000 -CABECERA
campo de control de longitud fija 00517nam a2200169 a 4500
001 - NÚMERO DE CONTROL
campo de control 000037199
005 - FECHA Y HORA DE LA ÚLTIMA TRANSACCIÓN
campo de control 20200930080213.0
008 - DATOS DE LONGITUD FIJA--INFORMACIÓN GENERAL
campo de control de longitud fija 120229s1980 mx 000 0 spa d
020 ## - NÚMERO INTERNACIONAL ESTÁNDAR DEL LIBRO
Número Internacional Estándar del Libro 9682305195
040 ## - FUENTE DE LA CATALOGACIÓN
Centro catalogador/agencia de origen DO-SdBNP
Lengua de catalogación spa
Centro/agencia transcriptor BNPHU
245 04 - MENCIÓN DE TÍTULO
Título Los Estados Unidos de América. /
Mención de responsabilidad, etc. compilador, Willi Paul Adams.
250 ## - MENCIÓN DE EDICIÓN
Mención de edición 4ta. ed.
260 ## - PUBLICACIÓN, DISTRIBUCIÓN, ETC.
Lugar de publicación, distribución, etc. México, :
Nombre del editor, distribuidor, etc. Siglo veintiuno editores,
Fecha de publicación, distribución, etc. 1980.
300 ## - DESCRIPCIÓN FÍSICA
Extensión v. ;
Dimensiones 18 cm.
500 ## - NOTA GENERAL
Nota general la biblioteca posee el volumen 30
700 1# - PUNTO DE ACCESO ADICIONAL--NOMBRE DE PERSONA
Nombre de persona Adams, Willi Paul
Término indicativo de función/relación comp.
9 (RLIN) 63611
Existencias
Estado de retiro Estado de pérdida Restricciones de uso No para préstamo Código de colección Localización permanente Ubicación/localización actual Ubicación en estantería Fecha de adquisición Número de inventario Total de préstamos Signatura topográfica completa Código de barras Fecha visto por última vez Precio válido a partir de Tipo de ítem Koha
      Excluido de préstamo Monografías: Libros y Folletos General General En catalogación 29.02.2012 LF1   37199-10 25.06.2020 25.06.2020 No se presta

Con tecnología Koha